[Event "Doeberl Cup Major 40th"]
[Site "Canberra"]
[Date "2002.03.29"]
[Round "1"]
[White "Brown, Kevin M"]
[Black "Wen, Phillip"]
[Result "0-1"]
[WhiteElo "1922"]
[BlackElo "1699"]
[PlyCount "68"]
[EventDate "2002.03.29"]
[EventType "swiss"]
[EventRounds "7"]
[EventCountry "AUS"]
[SourceTitle "EXT 2004"]
[Source "ChessBase"]
[SourceDate "2003.11.25"]
[SourceVersion "1"]
[SourceVersionDate "2003.11.25"]
[SourceQuality "1"]

1. b3 Nf6 2. Bb2 e6 3. e3 d5 4. Nf3 Bd6 5. Be2 0-0 6. d3 Nbd7 7. Nbd2 b6 8. 0-0 Bb7 9. c4 c5 10. d4 Qc7 11. h3 Rae8 12. Rc1 Qb8 13. Qc2 e5 14. dxe5 Nxe5 15. Nxe5 Bxe5 16. Bxe5 Qxe5 17. Bf3 Qe7 18. cxd5 Bxd5 19. Rfd1 Rd8 20. Bxd5 Nxd5 21. Nf3 Nb4 22. Qe2 Qf6 23. a4 Nd5 24. Qc4 Nb4 25. Ne1 Na2 26. Rxd8 Rxd8 27. Rc2 Qa1 28. Kh2 Nb4 29. Rc1 Qb2 30. f3 Qd2 31. Qc3 Qd6+ 32. Kg1 Na2 33. Qc2 Nxc1 34. Qxc1 Qd2 0-1